<?xml version="1.0" encoding="UTF-8"?><?xml-stylesheet type="text/xsl" href="static/style.xsl"?><OAI-PMH xmlns="http://www.openarchives.org/OAI/2.0/" xmlns:xsi="http://www.w3.org/2001/XMLSchema-instance" xsi:schemaLocation="http://www.openarchives.org/OAI/2.0/ http://www.openarchives.org/OAI/2.0/OAI-PMH.xsd"><responseDate>2026-06-29T02:46:25Z</responseDate><request verb="GetRecord" identifier="oai:docta.ucm.es:20.500.14352/130379" metadataPrefix="marc">https://docta.ucm.es/rest/oai/request</request><GetRecord><record><header><identifier>oai:docta.ucm.es:20.500.14352/130379</identifier><datestamp>2026-01-16T01:18:00Z</datestamp><setSpec>com_20.500.14352_14</setSpec><setSpec>col_20.500.14352_15</setSpec></header><metadata><record xmlns="http://www.loc.gov/MARC21/slim" xmlns:dcterms="http://purl.org/dc/terms/" xmlns:xsi="http://www.w3.org/2001/XMLSchema-instance" xmlns:doc="http://www.lyncode.com/xoai" xsi:schemaLocation="http://www.loc.gov/MARC21/slim http://www.loc.gov/standards/marcxml/schema/MARC21slim.xsd">
   <leader>00925njm 22002777a 4500</leader>
   <datafield ind2=" " ind1=" " tag="042">
      <subfield code="a">dc</subfield>
   </datafield>
   <datafield ind2=" " ind1=" " tag="720">
      <subfield code="a">Saka, Habeeb Kayode</subfield>
      <subfield code="e">author</subfield>
   </datafield>
   <datafield ind2=" " ind1=" " tag="720">
      <subfield code="a">García-Soto, Silvia</subfield>
      <subfield code="e">author</subfield>
   </datafield>
   <datafield ind2=" " ind1=" " tag="720">
      <subfield code="a">Dabo, Nasir Tukur</subfield>
      <subfield code="e">author</subfield>
   </datafield>
   <datafield ind2=" " ind1=" " tag="720">
      <subfield code="a">López Chavarrías, Vicente</subfield>
      <subfield code="e">author</subfield>
   </datafield>
   <datafield ind2=" " ind1=" " tag="720">
      <subfield code="a">Muhammad, Bashir</subfield>
      <subfield code="e">author</subfield>
   </datafield>
   <datafield ind2=" " ind1=" " tag="720">
      <subfield code="a">Ugarte Ruiz, María</subfield>
      <subfield code="e">author</subfield>
   </datafield>
   <datafield ind2=" " ind1=" " tag="720">
      <subfield code="a">Álvarez Sánchez, Julio</subfield>
      <subfield code="e">author</subfield>
   </datafield>
   <datafield ind2=" " ind1=" " tag="260">
      <subfield code="c">2020</subfield>
   </datafield>
   <datafield ind2=" " ind1=" " tag="520">
      <subfield code="a">The increase in antimicrobial resistance in developed and developing countries is a global public health challenge. In this context β-lactamase production is a major contributing factor to resistance globally. The aim of this study was to determine the prevalence of phenotypic and genotypic extended spectrum β-lactamases (ESBLs) in 296 E. coli isolates recovered from diarrhoeic children younger than five years in Kano whose susceptibility profile against 7 antimicrobials had been determined. The E. coli isolates were subjected to double disc synergy test for phenotypic ESBLs detection and ESBL associated genes (blaCTX-M, blaTEM and blaSHV) were detected using conventional PCR. Phenotypically, 12.8% (38/296) E. coli isolates presented a ESBLs phenotype, with a significantly higher proportion in isolates from females compared with males (P-value = 0.024). blaCTX-M 73.3% and blaTEM 73.3% were the predominant resistance genes in the ESBLs positive E. coli (each detected in 22/30 isolates, of which 14 harboured both). In addition, 1/30 harboured blaCTX-M + blaTEM + blaSHV genes simultaneously. This study demonstrates the presence of ESBLs E. coli isolates in clinically affected children in Kano, and demonstrates the circulation of blaCTX-M and blaTEM associated with those phenotypes. Enactment of laws on prudent antibiotic use is urgently needed in Kano</subfield>
   </datafield>
   <datafield ind1="8" ind2=" " tag="024">
      <subfield code="a">Saka, H. K., García-Soto, S., Dabo, N. T., Lopez-Chavarrias, V., Muhammad, B., Ugarte-Ruiz, M., &amp; Alvarez, J. (2020). Molecular detection of extended spectrum β-lactamase genes in Escherichia coli clinical isolates from diarrhoeic children in Kano, Nigeria. PloS one, 15(12), e0243130. https://doi.org/10.1371/journal.pone.0243130</subfield>
   </datafield>
   <datafield ind1="8" ind2=" " tag="024">
      <subfield code="a">1932-6203</subfield>
   </datafield>
   <datafield ind1="8" ind2=" " tag="024">
      <subfield code="a">10.1371/journal.pone.0243130</subfield>
   </datafield>
   <datafield ind1="8" ind2=" " tag="024">
      <subfield code="a">https://hdl.handle.net/20.500.14352/130379</subfield>
   </datafield>
   <datafield ind1="8" ind2=" " tag="024">
      <subfield code="a">https://doi.org/ 10.1371/journal.pone.0243130</subfield>
   </datafield>
   <datafield ind1="8" ind2=" " tag="024">
      <subfield code="a">33270734</subfield>
   </datafield>
   <datafield ind2="0" ind1="0" tag="245">
      <subfield code="a">Molecular detection of extended spectrum β-lactamase genes in Escherichia coli clinical isolates from diarrhoeic children in Kano, Nigeria</subfield>
   </datafield>
</record></metadata></record></GetRecord></OAI-PMH>